| 000 | 00378nam a22001217a 4500 | ||
|---|---|---|---|
| 999 |
_c15103 _d15103 |
||
| 008 | 200304b ||||| |||| 00| 0 eng d | ||
| 100 |
_941830 _aRosario, Ben R. |
||
| 245 |
_aUniversal health care law needs more health facilities/ _cBen R. Rosario. |
||
| 260 |
_aPhilippines; _bManila Bulletin, _c©2019. |
||
| 300 |
_apage 4; _c29.5cm. |
||
| 650 |
_aLaw. _941831 |
||
| 942 |
_2ddc _cPER |
||